| 000 | 00739nam a22001817a 4500 | ||
|---|---|---|---|
| 003 | BD-DhUL | ||
| 005 | 20180329093316.0 | ||
| 008 | 180329s1993 nyua|||| |||| 000 0 eng d | ||
| 040 |
_aBD-DhUL _cBD-DhUL |
||
| 082 |
_a361.53 _bUNV |
||
| 110 | 2 | _aUnited Nations. | |
| 245 | 0 |
_aVoluntary funds administered by the United Nations High Commissioner for refugees : _baudited financial statements for the year ended 31 December 1992 and report of the board of auditors / _cUnited Nations. |
|
| 260 |
_aNew York : _bUnited Nations, _c1993. |
||
| 300 |
_av, 135 p. : _bill. ; _c28 cm. |
||
| 500 | _a"General assembly, official records, forty-eighth session, supplement no. 5E (A/48/5/Add.5)" | ||
| 650 | 0 | _aVoluntary service. | |
| 942 |
_2ddc _cBK |
||
| 999 |
_c239791 _d239791 |
||